000 01001cab a22001935a 4500
001 L152674
008 110412e20110408xxk 000 0 eng d
035 _a(Sirsi) u152674
041 0 _aeng
100 1 _aO'Sullivan, Barry
245 0 0 _aHard numbers
260 _c2011
490 _aBuilding
_v276 (8673) 8 April 2011, 22-23(2)
520 _aPublic sector clients are being forced to cut costs dramatically; looks at how they are doing this by referring to results of a survey by Constructionline; includes reponses to the questions Which methods you will employ to deliver savings to your construction budget over the next six months? and Since the Comprehensive Spending Review how has your organisation changed the way it tenders for contruction work? Discusses how public clients will cut budgets in the next 6 months in the council, housing association and health sectors.
590 _aKA
651 4 _aUnited Kingdom
_y
690 _aBUILT ENVIRONMENT-CONSTRUCTION MARKET
942 _n0
999 _c83055
_d83055